[Event "ICS rated blitz match"]
[Site "204.178.125.65"]
[Date "1999.09.04"]
[Round "?"]
[White "Hossa"]
[Black "DrHugoELO"]
[Result "1/2-1/2"]
[WhiteElo "2468"]
[BlackElo "2124"]
[PlyCount "117"]
[EventDate "1999.??.??"]

1. e4 c5 2. Ne2 Nc6 3. Nbc3 c4 4. Ng3 Na5 5. d3 cxd3 6. Bxd3 d6 7. Bg5 g6 8.
O-O Bg7 9. Qd2 Nc6 10. Rad1 Nf6 11. Bh6 O-O 12. Bxg7 Kxg7 13. Bb5 Qa5 14. a3 a6
15. Bxc6 bxc6 16. Qc1 Rb8 17. Rd3 Be6 18. b4 Qb6 19. Na4 Qb5 20. Nb2 a5 21. c3
axb4 22. axb4 c5 23. f3 cxb4 24. cxb4 Qxb4 25. Rf2 Rfc8 26. Qf4 Nd7 27. Rd1 Qc5
28. Nd3 Qd4 29. Ne2 Qf6 30. Qe3 Rb3 31. Nd4 Ra3 32. Nc2 Ra2 33. Ncb4 Rxf2 34.
Nxf2 Qc3 35. Nbd3 Ne5 36. Rc1 Qa3 37. Rd1 Rc3 38. Qd4 Rc4 39. Qb6 Nxd3 40. Nxd3
Qc3 41. Nf4 Qe5 42. Nxe6+ Qxe6 43. Qb2+ Qf6 44. Qa2 Rd4 45. Rb1 Rd3 46. Kh1 Qd4
47. Rf1 Rd1 48. Qe2 Rxf1+ 49. Qxf1 h5 50. h3 e6 51. g4 hxg4 52. hxg4 Qe3 53.
Qa1+ Kh6 54. Qf6 Qe1+ 55. Kg2 Qe2+ 56. Kg3 Qe1+ 57. Kg2 Qe2+ 58. Kg3 Qe1+ 59.
Kg2 {Game drawn by repetition} 1/2-1/2

[Event "ICS rated blitz match"]
[Site "204.178.125.65"]
[Date "1999.09.22"]
[Round "?"]
[White "Hossa"]
[Black "DrHugoELO"]
[Result "1-0"]
[WhiteElo "2213"]
[BlackElo "2061"]
[PlyCount "79"]
[EventDate "1999.??.??"]

1. d4 c6 2. e4 g6 3. Ne2 d5 4. Nd2 Bg7 5. a3 dxe4 6. Nxe4 Nd7 7. Bf4 Ngf6 8.
N4g3 O-O 9. Qd2 Nd5 10. Bh6 e5 11. Bxg7 Kxg7 12. O-O-O Qf6 13. c4 N5b6 14. f4
exd4 15. Ne4 Qf5 16. Qxd4+ Kg8 17. Nd6 Qf6 18. g3 Qxd4 19. Nxd4 Nf6 20. Nf3 Bg4
21. Be2 Bxf3 22. Bxf3 Rab8 23. Rhe1 Ne8 24. c5 Na4 25. Nxb7 Nxb2 26. Rd4 Rxb7
27. Bxc6 Rb8 28. Bxe8 Rfxe8 29. Rxe8+ Rxe8 30. Kxb2 Re2+ 31. Kb3 Kf8 32. c6 Re7
33. Kb4 Rc7 34. Kc5 Ke7 35. Re4+ Kd8 36. Kd6 f5 37. Re8+ Kxe8 38. Kxc7 Ke7 39.
Kb7 a5 40. h4 {DrHugoELO resigns} 1-0

[Event "ICS rated blitz match"]
[Site "204.178.125.65"]
[Date "1999.09.04"]
[Round "?"]
[White "Hossa"]
[Black "DrHugoELO"]
[Result "1-0"]
[WhiteElo "2460"]
[BlackElo "2132"]
[PlyCount "52"]
[EventDate "1999.??.??"]

1. e4 c5 2. Ne2 Nc6 3. Nbc3 c4 4. Ng3 Na5 5. d3 cxd3 6. Bxd3 e6 7. O-O a6 8.
Be3 Qc7 9. Nh5 Ne7 10. Qe2 Ng6 11. f4 b6 12. Qf2 Rb8 13. f5 exf5 14. Qxf5 d6
15. Nd5 Qb7 16. Bxa6 Bxf5 17. Bxb7 Rxb7 18. exf5 Ne5 19. f6 g6 20. Ng7+ Bxg7
21. fxg7 Rg8 22. Nf6+ Kd8 23. Nxg8 f5 24. Bxb6+ Rxb6 25. Nf6 Ke7 26. g8=Q 26...
Kxf6 {DrHugoELO resigns} 1-0

[Event "ICS rated blitz match"]
[Site "204.178.125.65"]
[Date "1999.09.08"]
[Round "?"]
[White "Hossa"]
[Black "DrHugoELO"]
[Result "1-0"]
[WhiteElo "2516"]
[BlackElo "2168"]
[PlyCount "79"]
[EventDate "1999.??.??"]

1. d4 c5 2. d5 e5 3. dxe6 fxe6 4. e4 Nc6 5. Bc4 g6 6. Nc3 Bg7 7. Nb5 Nge7 8.
Nd6+ Kf8 9. Qf3+ Nf5 10. exf5 gxf5 11. Qh5 Qe7 12. Qd1 Be5 13. Nxc8 Rxc8 14.
Nf3 Bb8 15. Bb5 Rg8 16. Bxc6 Rxc6 17. O-O Qg7 18. Ne1 e5 19. c4 Rg6 20. Qd5 Qe7
21. Be3 d6 22. f4 Ke8 23. fxe5 Qxe5 24. Qxb7 d5 25. Qc8+ Ke7 26. Qxc5+ Bd6 27.
Qxa7+ Kf6 28. Bd4 Qxd4+ 29. Qxd4+ Be5 30. Qxd5 f4 31. Rb1 h5 32. a4 h4 33. Rf3
Rh6 34. Qxg8 h3 35. Qd8+ Ke6 36. Nd3 Bd4+ 37. Qxd4 Rg6 38. Nxf4+ Kf5 39. Nxh3+
Ke6 40. Re1# {DrHugoELO checkmated} 1-0

[Event "ICS rated blitz match"]
[Site "204.178.125.65"]
[Date "1999.09.04"]
[Round "?"]
[White "Hossa"]
[Black "DrHugoELO"]
[Result "1-0"]
[WhiteElo "2507"]
[BlackElo "2072"]
[PlyCount "111"]
[EventDate "1999.??.??"]

1. e4 g6 2. d4 Bg7 3. Nc3 c6 4. Bc4 d6 5. Bg5 Qb6 6. Nge2 Qxb2 7. Rb1 Qa3 8.
O-O Qa5 9. Qd2 Qc7 10. f4 Nd7 11. f5 Ngf6 12. fxg6 hxg6 13. Qf4 e5 14. dxe5
dxe5 15. Qg3 b5 16. Bd3 O-O 17. Qh4 Nh7 18. Be3 a6 19. Bh6 Qb6+ 20. Rf2 Qc5 21.
a4 Ndf6 22. Bxg7 Kxg7 23. Kh1 Be6 24. axb5 axb5 25. Rbf1 Ng4 26. Rf3 Ra7 27. h3
Nh6 28. Rd1 b4 29. Nb1 Ra1 30. Rff1 Qe3 31. Nbc3 Rxd1 32. Nxd1 Qd2 33. Ng1 b3
34. Nf3 Qc1 35. cxb3 Bxb3 36. Nf2 Qf4 37. Qe7 Be6 38. Qd6 Ng5 39. Nxe5 Qg3 40.
Nxf7 Qxd6 41. Nxd6 Rd8 42. Nb7 Rd4 43. Rc1 Bd7 44. Nd8 Rd6 45. e5 Rd5 46. Nxc6
Bxc6 47. Rxc6 Nf5 48. Rc7+ Kh6 49. Ng4+ Kh5 50. Nf6+ Kh4 51. Nxd5 Ng3+ 52. Kh2
Ne6 53. Rc4+ Kg5 54. Rg4+ Kh5 55. Nf6+ Kh6 56. Rxg6# {DrHugoELO checkmated} 1-0

[Event "ICS rated blitz match"]
[Site "204.178.125.65"]
[Date "1999.08.28"]
[Round "?"]
[White "Hossa"]
[Black "DrHugoELO"]
[Result "1-0"]
[WhiteElo "2463"]
[BlackElo "2194"]
[PlyCount "75"]
[EventDate "1999.??.??"]

1. Nf3 c5 2. e4 Nc6 3. Bb5 g6 4. d3 Bg7 5. O-O Qb6 6. Bxc6 bxc6 7. Nc3 d6 8.
Ng5 h6 9. Nf3 Be6 10. Nd2 Nf6 11. b3 a5 12. Ba3 O-O 13. Na4 Qb5 14. c4 Qb7 15.
f3 Rfd8 16. Rc1 Nh5 17. Bb2 Rab8 18. Bxg7 Nxg7 19. Qe1 Qb4 20. Qe3 Kh7 21. Nc3
Ne8 22. Rfd1 d5 23. cxd5 cxd5 24. exd5 Bxd5 25. Qxe7 Qd4+ 26. Kh1 Be6 27. Nde4
Kg7 28. Nxc5 Rd6 29. Qa7 Rbb6 30. Nb5 Kf6 31. Nxd4 Rxd4 32. Qxb6 Rh4 33. Qd8+
Kg7 34. Nxe6+ fxe6 35. Qe7+ Kh8 36. Qxe8+ Kg7 37. Qe7+ Kg8 38. Rc8# {
DrHugoELO checkmated} 1-0

[Event "ICS rated blitz match"]
[Site "204.178.125.65"]
[Date "1999.09.04"]
[Round "?"]
[White "Hossa"]
[Black "DrHugoELO"]
[Result "1-0"]
[WhiteElo "2425"]
[BlackElo "2239"]
[PlyCount "79"]
[EventDate "1999.??.??"]

1. e4 c6 2. d4 d5 3. exd5 cxd5 4. c4 Nf6 5. Nc3 g6 6. Bg5 Bg7 7. Bxf6 exf6 8.
cxd5 O-O 9. Bb5 Bd7 10. Bd3 f5 11. Nge2 Re8 12. O-O Na6 13. Bxa6 bxa6 14. a4
Rb8 15. Ra2 Qg5 16. Qd3 Rb6 17. Rd1 Reb8 18. Qd2 Qe7 19. Kh1 Bf6 20. Nc1 Bg5
21. f4 Bf6 22. a5 Rb4 23. Re1 Qd6 24. N1e2 Bb5 25. Nxb5 R4xb5 26. Nc3 Rb4 27.
Re5 Bxe5 28. dxe5 Qd7 29. d6 Rc4 30. Nd5 Kg7 31. Ra1 Qe6 32. Nc7 Qd7 33. Nxa6
Rb3 34. Rd1 Re4 35. Nc5 Qb5 36. Nxb3 Qxb3 37. d7 Rxf4 38. d8=Q Rg4 39. Qf6+ Kg8
40. Qdd8# {DrHugoELO checkmated} 1-0

[Event "ICS rated blitz match"]
[Site "204.178.125.65"]
[Date "1999.09.04"]
[Round "?"]
[White "Hossa"]
[Black "DrHugoELO"]
[Result "1-0"]
[WhiteElo "2460"]
[BlackElo "2132"]
[PlyCount "55"]
[EventDate "1999.??.??"]

1. e4 c5 2. Ne2 Nc6 3. Nbc3 e5 4. Ng3 d6 5. Bb5 Be7 6. O-O Nf6 7. f4 exf4 8.
Rxf4 O-O 9. d3 Nd4 10. Ba4 Nd7 11. Nd5 Ne5 12. Nxe7+ Qxe7 13. c3 Ndc6 14. d4
Ng6 15. Rf2 cxd4 16. cxd4 a6 17. Be3 b5 18. Bb3 Na5 19. Bd5 Bb7 20. Nf5 Qd7 21.
Qg4 Rad8 22. Bd2 Nc4 23. Bxc4 bxc4 24. Ba5 h5 25. Qxh5 Rde8 26. Bb4 Rxe4 27.
Nxd6 Re5 28. dxe5 {DrHugoELO resigns} 1-0

[Event "ICS rated blitz match"]
[Site "204.178.125.65"]
[Date "1999.08.29"]
[Round "?"]
[White "Hossa"]
[Black "DrHugoELO"]
[Result "1-0"]
[WhiteElo "2460"]
[BlackElo "2119"]
[PlyCount "113"]
[EventDate "1999.??.??"]

1. c4 Nf6 2. d4 d5 3. cxd5 Nxd5 4. e4 Nf6 5. Nc3 g6 6. Bg5 Bg7 7. Bb5+ Bd7 8.
Bd3 O-O 9. Nge2 a6 10. O-O b5 11. a4 b4 12. Na2 a5 13. Rc1 Na6 14. f3 Qe8 15.
b3 c5 16. Bxa6 Rxa6 17. Rxc5 h6 18. Be3 Qa8 19. Qd2 Rc8 20. Rxc8+ Bxc8 21. Bxh6
Bxh6 22. Qxh6 Nxe4 23. fxe4 Qxe4 24. Nac1 Rf6 25. Rxf6 exf6 26. Qf4 f5 27. Qb8
Qe6 28. Qa8 Kg7 29. Qxa5 Qe3+ 30. Kf1 Qd2 31. Qe5+ Kh7 32. Qe7 Be6 33. Kf2 f4
34. Qh4+ Kg7 35. Qxf4 Qc2 36. d5 Bf5 37. Qxb4 Kh7 38. Qf8 Qe4 39. Qxf7+ Kh6 40.
h3 Qh4+ 41. Kf1 Qg5 42. Qf8+ Kh7 43. d6 Qd2 44. Kf2 Bd3 45. Qe7+ Kh8 46. d7
Bxe2 47. d8=Q+ Qxd8 48. Qxd8+ Kg7 49. Nxe2 g5 50. Qxg5+ Kf7 51. Qe5 Kf8 52. a5
Kf7 53. Kg3 Kf8 54. Qc7 Kg8 55. a6 Kf8 56. a7 Ke8 57. a8=Q# {
DrHugoELO checkmated} 1-0

[Event "ICS rated blitz match"]
[Site "204.178.125.65"]
[Date "1999.09.13"]
[Round "?"]
[White "Hossa"]
[Black "DrHugoELO"]
[Result "1-0"]
[WhiteElo "2392"]
[BlackElo "2180"]
[PlyCount "131"]
[EventDate "1999.??.??"]

1. e4 c6 2. d4 d5 3. Nc3 dxe4 4. Nxe4 Nf6 5. Nxf6+ gxf6 6. Bd3 Bf5 7. Bxf5 Qa5+
8. Bd2 Qxf5 9. Ne2 e6 10. O-O Nd7 11. Ng3 Qg6 12. Ba5 Bd6 13. f4 f5 14. c3 h5
15. Qf3 h4 16. Ne2 Rg8 17. a3 Nf6 18. Rae1 Ne4 19. c4 b6 20. c5 Bc7 21. cxb6
axb6 22. Bb4 Rc8 23. Rc1 Kd7 24. h3 Bd6 25. Be1 Be7 26. Rc4 Rg7 27. Ra4 Rcg8
28. Ra7+ Ke8 29. Ra8+ Bd8 30. Bxh4 Qxg2+ 31. Qxg2 Rxg2+ 32. Kh1 f6 33. Rg1
Rxg1+ 34. Nxg1 Kf7 35. Rc8 c5 36. Nf3 Rh8 37. dxc5 bxc5 38. Kh2 Ke7 39. Be1 Kd7
40. Ra8 Rh7 41. Ra7+ Bc7 42. Ba5 Kc6 43. Bxc7 Rxc7 44. Rxc7+ Kxc7 45. Kg2 Kd6
46. h4 e5 47. h5 Ke6 48. h6 Kf7 49. fxe5 fxe5 50. Nxe5+ Kf6 51. b3 Ng5 52. Nd7+
Kg6 53. Nxc5 Kxh6 54. Kg3 Nf7 55. a4 Kg6 56. a5 Kf6 57. a6 Nd6 58. a7 Ne4+ 59.
Nxe4+ fxe4 60. Kf4 e3 61. a8=Q e2 62. Qe4 e1=Q 63. Qxe1 Kg6 64. Qe7 Kh6 65. Kf5
Kh5 66. Qh7# {DrHugoELO checkmated} 1-0

[Event "ICS rated blitz match"]
[Site "204.178.125.65"]
[Date "1999.08.28"]
[Round "?"]
[White "Hossa"]
[Black "DrHugoELO"]
[Result "1-0"]
[WhiteElo "2451"]
[BlackElo "2206"]
[PlyCount "37"]
[EventDate "1999.??.??"]

1. Nf3 c6 2. d4 d5 3. Bg5 Nf6 4. Bxf6 exf6 5. e3 Qb6 6. b3 Bf5 7. Be2 Nd7 8.
O-O Bd6 9. c4 dxc4 10. bxc4 c5 11. Nh4 Be4 12. Nc3 Bg6 13. Nxg6 hxg6 14. h3
cxd4 15. exd4 Qa5 16. Nb5 Bb8 17. Bf3 a6 18. Qe1+ Kf8 19. Qxa5 {
DrHugoELO resigns} 1-0

[Event "ICS rated blitz match"]
[Site "204.178.125.65"]
[Date "1999.09.13"]
[Round "?"]
[White "Hossa"]
[Black "DrHugoELO"]
[Result "1-0"]
[WhiteElo "2402"]
[BlackElo "2170"]
[PlyCount "78"]
[EventDate "1999.??.??"]

1. e4 c6 2. d4 d5 3. Nc3 dxe4 4. Nxe4 Nf6 5. Nxf6+ gxf6 6. Bd3 Bf5 7. Bxf5 Qa5+
8. Bd2 Qxf5 9. Ne2 e6 10. O-O Bd6 11. Ng3 Qg6 12. Re1 Nd7 13. Ba5 h5 14. Ne4
Be7 15. Bc7 h4 16. h3 Rg8 17. Qf3 Nb6 18. b3 f5 19. Nc3 Nd5 20. Nxd5 cxd5 21.
c4 Rc8 22. Bh2 Rd8 23. cxd5 Rxd5 24. Bb8 f4 25. Re5 Rxd4 26. Qxb7 Kf8 27. Bxa7
Rd3 28. Qa8+ Kg7 29. Qe4 Bf6 30. Qxf4 Bxe5 31. Qxe5+ Qf6 32. Qxf6+ Kxf6 33. Kh2
Rd2 34. a4 Rb2 35. Bd4+ e5 36. Bxb2 Rb8 37. Ra3 Rb4 38. Bc3 Rf4 39. Kg1 39...
Re4 {DrHugoELO resigns} 1-0

[Event "ICS rated blitz match"]
[Site "204.178.125.65"]
[Date "1999.09.13"]
[Round "?"]
[White "Hossa"]
[Black "DrHugoELO"]
[Result "1-0"]
[WhiteElo "2406"]
[BlackElo "2166"]
[PlyCount "67"]
[EventDate "1999.??.??"]

1. e4 c6 2. d4 d5 3. Nc3 dxe4 4. Nxe4 Nf6 5. Nxf6+ gxf6 6. Bd3 Bf5 7. Bxf5 Qa5+
8. Bd2 Qxf5 9. f3 e6 10. Ne2 Nd7 11. Nf4 h5 12. Ne2 h4 13. Be3 O-O-O 14. Bf4
Rg8 15. g4 hxg3 16. hxg3 Nb6 17. g4 Qa5+ 18. Bd2 Bb4 19. c3 Bd6 20. Rh6 Rg6 21.
Rh7 Rf8 22. b4 Qa3 23. Bh6 Rxh6 24. Rxh6 Nd5 25. Qb3 Qa6 26. Rd1 f5 27. gxf5
exf5 28. Rxd6 Re8 29. b5 Qa5 30. bxc6 Rxe2+ 31. Kxe2 Nxc3+ 32. Kd3 Kc7 33.
Qxf7+ Kxd6 34. Qd7# {DrHugoELO checkmated} 1-0

[Event "ICS rated blitz match"]
[Site "204.178.125.65"]
[Date "1999.10.16"]
[Round "?"]
[White "Hossa"]
[Black "Drk"]
[Result "1-0"]
[WhiteElo "2542"]
[BlackElo "2379"]
[PlyCount "51"]
[EventDate "1999.??.??"]

1. e4 e6 2. d4 d5 3. Nc3 Bb4 4. e5 c5 5. Bd2 a6 6. Qg4 Ne7 7. Qxg7 Rg8 8. Qxh7
cxd4 9. Ne4 Bxd2+ 10. Nxd2 Nbc6 11. Ngf3 Qb6 12. O-O-O Bd7 13. Kb1 O-O-O 14.
Qxf7 Rdf8 15. Qh5 Be8 16. Qh6 Bg6 17. Nb3 Kb8 18. Nbxd4 Nxd4 19. Nxd4 Nf5 20.
Nxf5 Bxf5 21. Qd2 Rc8 22. Rc1 Rg4 23. f4 Rg7 24. Bd3 Bxd3 25. cxd3 Rcg8 26. g3
{Drk resigns} 1-0

[Event "ICS rated blitz match"]
[Site "204.178.125.65"]
[Date "1999.09.01"]
[Round "?"]
[White "Hossa"]
[Black "EASTWIND"]
[Result "1-0"]
[WhiteElo "2527"]
[BlackElo "2248"]
[PlyCount "89"]
[EventDate "1999.??.??"]

1. d4 d5 2. c4 e6 3. Nc3 c6 4. e4 dxe4 5. Nxe4 Nf6 6. Nxf6+ Qxf6 7. a3 g6 8.
Nf3 h6 9. Be2 Bg7 10. O-O Nd7 11. Be3 b6 12. Re1 Bb7 13. b4 O-O 14. Qd2 Kh7 15.
a4 Rfd8 16. a5 c5 17. axb6 axb6 18. Rxa8 Bxa8 19. bxc5 bxc5 20. Qa5 Bxf3 21.
Bxf3 cxd4 22. Bxd4 Qg5 23. Qxg5 hxg5 24. Bxg7 Kxg7 25. Rd1 Kf8 26. Bc6 Ke7 27.
Bxd7 Rxd7 28. Rxd7+ Kxd7 29. Kf1 Kc6 30. Ke2 Kc5 31. Kd3 e5 32. h3 f5 33. Kc3
e4 34. f3 exf3 35. gxf3 g4 36. fxg4 f4 37. h4 f3 38. Kd3 f2 39. Ke2 f1=Q+ 40.
Kxf1 Kxc4 41. h5 gxh5 42. gxh5 Kd5 43. h6 Ke6 44. h7 Kf7 45. h8=Q {
EASTWIND resigns} 1-0

[Event "ICS rated blitz match"]
[Site "204.178.125.65"]
[Date "1999.09.01"]
[Round "?"]
[White "Hossa"]
[Black "EASTWIND"]
[Result "1-0"]
[WhiteElo "2520"]
[BlackElo "2255"]
[PlyCount "71"]
[EventDate "1999.??.??"]

1. d4 e6 2. e4 d5 3. Nd2 Nf6 4. Bd3 dxe4 5. Nxe4 Be7 6. Ne2 b6 7. Bg5 Bb7 8.
Bxf6 Bxf6 9. Nxf6+ Qxf6 10. O-O h5 11. c3 Nd7 12. Qa4 h4 13. Bb5 O-O-O 14. Qxa7
Qg5 15. Bxd7+ Rxd7 16. f3 Qe3+ 17. Rf2 Rd5 18. b4 Rg5 19. Raf1 Rh6 20. Kh1 Rhg6
21. Qa4 Kd8 22. Ng1 Bd5 23. Rc2 Qd3 24. Rff2 Qd1 25. Qa7 Rxg2 26. Qb8+ Kd7 27.
Rxg2 Bxf3 28. Qf8 Rf6 29. Qxg7 Qxc2 30. Nxf3 Qd1+ 31. Ng1 Rf1 32. Qg4 Qd3 33.
Qxh4 Qxc3 34. b5 Qa1 35. Rg8 Qe1 36. Rd8# {EASTWIND checkmated} 1-0

[Event "ICS rated blitz match"]
[Site "204.178.125.65"]
[Date "1999.09.01"]
[Round "?"]
[White "Hossa"]
[Black "EASTWIND"]
[Result "1-0"]
[WhiteElo "2515"]
[BlackElo "2260"]
[PlyCount "59"]
[EventDate "1999.??.??"]

1. d4 e6 2. e4 d5 3. Nd2 c5 4. c3 Nc6 5. Bb5 Bd7 6. Ne2 Qb6 7. exd5 Qxb5 8.
dxc6 Qxc6 9. O-O Nf6 10. Nc4 Qc7 11. Bf4 Qc8 12. Bd6 b5 13. Bxf8 Kxf8 14. Ne5
c4 15. Re1 Bc6 16. a4 a6 17. Nf4 Qb7 18. axb5 axb5 19. Rxa8+ Qxa8 20. Qe2 Bd5
21. Qf1 Ke7 22. Ra1 Qb7 23. Nxd5+ Nxd5 24. Ra7 Qxa7 25. Nc6+ Kd6 26. Nxa7 Rb8
27. Qa1 Kc7 28. Qa5+ Kd7 29. Qa6 Nc7 30. Qc6+ {EASTWIND resigns} 1-0

[Event "ICS rated blitz match"]
[Site "204.178.125.65"]
[Date "1999.08.31"]
[Round "?"]
[White "Hossa"]
[Black "EASTWIND"]
[Result "1-0"]
[WhiteElo "2521"]
[BlackElo "2330"]
[PlyCount "81"]
[EventDate "1999.??.??"]

1. c4 e5 2. Nc3 Nf6 3. e3 Nc6 4. d4 exd4 5. exd4 d6 6. Nge2 Be7 7. Nf4 O-O 8.
Be2 Bf5 9. O-O Ne4 10. Bf3 Nxc3 11. bxc3 Bf6 12. Re1 g6 13. Nd5 Bg7 14. a3 Qd7
15. Bh6 Rfe8 16. Qd2 Ne7 17. Nxe7+ Rxe7 18. Rxe7 Qxe7 19. Bxg7 Kxg7 20. Re1 Qd7
21. Bxb7 Rb8 22. Bd5 Qa4 23. f3 c6 24. Be4 Be6 25. d5 cxd5 26. cxd5 Bd7 27. Qc1
Qc4 28. Qe3 Rb3 29. Qxa7 Bb5 30. Rc1 Rxc3 31. Rb1 Rb3 32. Rd1 Rb2 33. Qe3 Rb3
34. Qb6 Rxa3 35. Qxd6 Ra2 36. Qe5+ f6 37. Qe7+ Kh6 38. Qf8+ Kg5 39. h4+ Kxh4
40. Qh6+ Kg3 41. Qh2# {EASTWIND checkmated} 1-0

[Event "ICS rated blitz match"]
[Site "204.178.125.65"]
[Date "1999.08.31"]
[Round "?"]
[White "Hossa"]
[Black "EASTWIND"]
[Result "1-0"]
[WhiteElo "2536"]
[BlackElo "2315"]
[PlyCount "75"]
[EventDate "1999.??.??"]

1. c4 e5 2. Nc3 Nc6 3. e3 Nf6 4. d4 exd4 5. exd4 d5 6. cxd5 Nxd5 7. Bb5 Bb4 8.
Bxc6+ bxc6 9. Nge2 Bg4 10. Bd2 O-O 11. f3 Bf5 12. O-O Bd3 13. Re1 Re8 14. Nc1
Ba6 15. Rxe8+ Qxe8 16. Nxd5 Bxd2 17. Nxc7 Qe3+ 18. Kh1 Rb8 19. Nxa6 Rxb2 20.
Nb3 Bc3 21. Qf1 h5 22. Nb8 Rf2 23. Qg1 Bxa1 24. Nxc6 Bc3 25. h3 Qe2 26. Nc1 Qc2
27. Ne7+ Kh7 28. Nc6 Bd2 29. Nd3 Re2 30. Ncb4 Bxb4 31. Nxb4 Qd2 32. Qb1+ g6 33.
Nd3 Re3 34. Qb7 Rxd3 35. Qxf7+ Kh6 36. Qf8+ Kg5 37. Qe7+ Kf4 38. Qe5# {
EASTWIND checkmated} 1-0

[Event "ICS rated blitz match"]
[Site "204.178.125.65"]
[Date "1999.09.06"]
[Round "?"]
[White "Hossa"]
[Black "ESTRIPADOR"]
[Result "1-0"]
[WhiteElo "2519"]
[BlackElo "2090"]
[PlyCount "48"]
[EventDate "1999.??.??"]

1. d4 d6 2. c4 e6 3. e4 g6 4. Nc3 Bg7 5. Nf3 Ne7 6. Be2 O-O 7. Bg5 f6 8. Be3 b6
9. O-O Bb7 10. Qc1 f5 11. e5 dxe5 12. dxe5 Bxf3 13. Bxf3 c6 14. Bh6 Qc7 15.
Bxg7 Kxg7 16. Qg5 h6 17. Qf4 Nd7 18. Rfe1 g5 19. Qd4 Rac8 20. Qd6 Nc5 21. b4
Na6 22. Qxe6 Nxb4 23. Rad1 Rcd8 24. Rd6 24... g4 {ESTRIPADOR resigns} 1-0

[Event "ICS rated blitz match"]
[Site "204.178.125.65"]
[Date "1999.09.07"]
[Round "?"]
[White "Hossa"]
[Black "ESTUPENDO"]
[Result "1-0"]
[WhiteElo "2513"]
[BlackElo "2086"]
[PlyCount "99"]
[EventDate "1999.??.??"]

1. e4 c5 2. Nf3 Nc6 3. Bb5 e6 4. Bxc6 bxc6 5. e5 a5 6. O-O Ne7 7. d3 Ng6 8. Bg5
Qc7 9. Re1 Ba6 10. Nc3 h6 11. Bc1 Be7 12. Be3 O-O 13. Na4 c4 14. dxc4 Bxc4 15.
Nb6 Bd5 16. Nxa8 Rxa8 17. Bd4 c5 18. Bc3 Qc6 19. Re3 a4 20. b3 a3 21. Qd2 Rc8
22. Rf1 c4 23. b4 Qa4 24. Rb1 Nh4 25. Nxh4 Bxh4 26. Rh3 Bg5 27. Qe2 Qa8 28. Qf1
Be4 29. f4 Be7 30. Rd1 Bxc2 31. Rxd7 Bd3 32. Qf3 Qxf3 33. Rxf3 Bd8 34. Bd4 Rb8
35. Bc5 Kh7 36. Rxf7 Kg6 37. Ra7 Bb6 38. Rxa3 Bxc5+ 39. bxc5 Rb1+ 40. Kf2 Rf1+
41. Kg3 Rb1 42. c6 Be4 43. c7 Bb7 44. Ra8 Rb2 45. Rb8 Rxa2 46. Rxb7 Ra8 47. Rb8
Ra7 48. c8=Q c3 49. f5+ Kh7 50. Qg8# {ESTUPENDO checkmated} 1-0

[Event "ICS rated blitz match"]
[Site "204.178.125.65"]
[Date "1999.09.01"]
[Round "?"]
[White "Hossa"]
[Black "EXchess"]
[Result "0-1"]
[WhiteElo "2552"]
[BlackElo "2388"]
[PlyCount "130"]
[EventDate "1999.??.??"]

1. e4 c5 2. Nf3 e6 3. c3 d5 4. e5 Nc6 5. Be2 Bd7 6. O-O Qb6 7. d4 f6 8. dxc5
Bxc5 9. b4 Be7 10. Bf4 O-O-O 11. Be3 Qc7 12. exf6 Bxf6 13. b5 Na5 14. b6 axb6
15. Re1 Ne7 16. Ng5 Nf5 17. Bc1 d4 18. Nf7 dxc3 19. Na3 c2 20. Nxc2 Bxa1 21.
Nxa1 Ba4 22. Qxa4 Qxf7 23. Bb2 Rhf8 24. Rc1+ Kb8 25. Be5+ Ka8 26. Rc7 Ne7 27.
f4 Qe8 28. Bb5 Nec6 29. Bxg7 Rf7 30. Be5 Qf8 31. Rxc6 bxc6 32. Bxc6+ Ka7 33.
Nb3 Rd1+ 34. Kf2 Qd8 35. Kg3 h5 36. Bf3 Rd3 37. Nd4 Qc8 38. Kh3 Rd7 39. Kg3 h4+
40. Kf2 Rd2+ 41. Be2 h3 42. gxh3 Rd8 43. Nb5+ Kb7 44. Nc7 Qd7 45. Qe4+ Nc6 46.
Kf1 Rxa2 47. Kf2 Qd3 48. Qxd3 Rxd3 49. Nb5 Rxh3 50. Ke1 Nxe5 51. fxe5 Re3 52.
Nd4 Re4 53. h4 Rxd4 54. Bf3+ Kc7 55. h5 Rf4 56. Bd1 Re4+ 57. Kf1 Ra1 58. Kg2
Rxd1 59. h6 Rxe5 60. Kf3 Rh1 61. Kg2 Rxh6 62. Kg3 Rf5 63. Kg4 Rg6+ 64. Kh4 e5
65. Kh3 65... Rh5# {Hossa checkmated} 0-1

[Event "ICS rated blitz match"]
[Site "204.178.125.65"]
[Date "1999.09.01"]
[Round "?"]
[White "Hossa"]
[Black "EXchess"]
[Result "1-0"]
[WhiteElo "2531"]
[BlackElo "2409"]
[PlyCount "195"]
[EventDate "1999.??.??"]

1. e4 c5 2. Nf3 e6 3. c3 d5 4. e5 Nc6 5. Be2 Bd7 6. O-O Qb6 7. d4 f6 8. dxc5
Bxc5 9. b4 Be7 10. Bf4 O-O-O 11. Be3 Qc7 12. exf6 Bxf6 13. b5 Na5 14. b6 axb6
15. Re1 Ne7 16. Ng5 Nf5 17. Bc1 d4 18. Nf7 dxc3 19. Na3 c2 20. Nxc2 Bxa1 21.
Nxa1 Ba4 22. Qxa4 Qxf7 23. Bb2 Rhf8 24. Rc1+ Kb8 25. Be5+ Ka8 26. Rc7 Ne7 27.
f4 Qe8 28. Bb5 Nec6 29. Bxg7 Rf7 30. Be5 Qf8 31. Rxc6 bxc6 32. Bxc6+ Ka7 33.
Nb3 Rd1+ 34. Kf2 Qd8 35. Kg3 h5 36. Bf3 Rd3 37. Nd4 Rxf3+ 38. Kxf3 Qd5+ 39. Kg3
Rf8 40. Kh3 Ka6 41. Qa3 Rg8 42. g3 Re8 43. Qa4 Rc8 44. Qd1 Qxa2 45. Qxh5 Nc6
46. Nxc6 Rxc6 47. Qd1 b5 48. Qd3 Qc2 49. Qa3+ Qa4 50. Qd3 Qc4 51. Qa3+ Kb6 52.
Qa1 b4 53. Qd1 Qd5 54. Qxd5 exd5 55. g4 b3 56. f5 Rc2 57. f6 b2 58. f7 b1=Q 59.
f8=Q Qb3+ 60. Kh4 Kb5 61. Qb8+ Kc4 62. Qxb3+ Kxb3 63. Kg5 Kc4 64. h4 d4 65. h5
Kd5 66. Bf4 Ke4 67. Bg3 d3 68. Be1 Re2 69. Bc3 Kd5 70. Kg6 Kc4 71. Ba5 Kb5 72.
Bc3 Rg2 73. g5 Kc4 74. Be1 Re2 75. Ba5 Kb5 76. Bc3 Rc2 77. Be1 d2 78. Bxd2 Rxd2
79. h6 Rh2 80. h7 Kc5 81. Kg7 Rd2 82. h8=Q Rd7+ 83. Kf6 Rd6+ 84. Ke7 Rb6 85.
Qc3+ Kd5 86. Qa5+ Kc6 87. Qxb6+ Kxb6 88. g6 Kc6 89. g7 Kd5 90. g8=Q+ Ke4 91.
Qg5 Kd3 92. Ke6 Kc4 93. Qe3 Kb5 94. Qc3 Ka6 95. Qb3 Ka7 96. Kd7 Ka8 97. Kc8 Ka7
98. Qb7# {EXchess checkmated} 1-0

[Event "ICS rated blitz match"]
[Site "204.178.125.65"]
[Date "1999.09.01"]
[Round "?"]
[White "Hossa"]
[Black "EXchess"]
[Result "1-0"]
[WhiteElo "2452"]
[BlackElo "2436"]
[PlyCount "82"]
[EventDate "1999.??.??"]

1. e4 c5 2. Nf3 e6 3. d4 cxd4 4. Nxd4 Nc6 5. Nc3 a6 6. Nxc6 bxc6 7. e5 Qa5 8.
Qd4 Bb4 9. Bd2 Ne7 10. Bd3 Nd5 11. O-O Bxc3 12. bxc3 Rb8 13. Qg4 g6 14. Bh6
Nxc3 15. Qf4 Rg8 16. a3 Rb2 17. Rfe1 Bb7 18. Qd4 c5 19. Qd6 Bc8 20. Bd2 h5 21.
Rf1 Rf8 22. Bg5 Nd5 23. c4 Rb6 24. Bd8 Rxd6 25. Bxa5 Rc6 26. cxd5 exd5 27. Rab1
c4 28. Bc2 d4 29. Rb8 c3 30. Be4 d5 31. exd6 Kd7 32. Bxc6+ Kxc6 33. d7 Kxd7 34.
Rd1 Kc6 35. Rxd4 Re8 36. Kf1 Kc5 37. Bb6+ Kc6 38. Rc4+ Kd7 39. Rc7+ Ke6 40.
Rbxc8 Rxc8 41. Rxc8 41... g5 {EXchess resigns} 1-0

[Event "ICS rated blitz match"]
[Site "204.178.125.65"]
[Date "1999.09.16"]
[Round "?"]
[White "Hossa"]
[Black "Edelson"]
[Result "1-0"]
[WhiteElo "2483"]
[BlackElo "2184"]
[PlyCount "23"]
[EventDate "1999.??.??"]

1. e4 e6 2. d4 d5 3. Nc3 Bb4 4. a3 Bxc3+ 5. bxc3 c5 6. Qg4 Ne7 7. Qxg7 Rg8 8.
Qxh7 Qc7 9. exd5 exd5 10. Ne2 cxd4 11. cxd4 Qxc2 12. Qxc2 {Edelson resigns} 1-0